Cộng hòa Xã hội Chủ nghĩa Việt Nam : Bản đồ

Salvato in:
Dettagli Bibliografici
Natura: Libro
Lingua:Undetermined
Pubblicazione: Hà Nội Bản đồ 2003
Soggetti:
Tags: Aggiungi Tag
Nessun Tag, puoi essere il primo ad aggiungerne! !
Thư viện lưu trữ: Trung tâm Học liệu Trường Đại học Cần Thơ
LEADER 00479nam a2200181Ia 4500
001 CTU_96073
008 210402s9999 xx 000 0 und d
020 |c 5500 
082 |a 912 
082 |b C455 
245 0 |a Cộng hòa Xã hội Chủ nghĩa Việt Nam : 
245 0 |b Bản đồ 
260 |a Hà Nội 
260 |b Bản đồ 
260 |c 2003 
650 |a Atlases 
904 |i Tuyến 
980 |a Trung tâm Học liệu Trường Đại học Cần Thơ